[Event "Europa tch femenino 2005"]
[Site "Gotebörg SWE"]
[Date "2005.08.05"]
[Round "7.12"]
[White "Gilbert, Jessie"]
[Black "Nagy, Laura"]
[Result "1-0"]
[WhiteElo "2151"]
[BlackElo "1933"]
[PlyCount "29"]
[EventDate "2005.07.30"]
[EventType "team"]
[EventRounds "9"]
[EventCountry "SWE"]
[Source "lmi"]
[SourceDate "2005.08.07"]

1. d4 Nf6 2. c4 e6 3. Nf3 d5 4. Nc3 Nbd7 5. Bg5 Be7 6. cxd5 exd5 7. e3 c6 8.
Bd3 Nb6 9. h3 Nh5 10. Ne5 Bxg5 11. Qxh5 Qe7 12. Nxf7 g6 13. Qxg5 Qxf7 14. Qe5+
Be6 15. Qxh8+ 1-0

[Event "Europa tch femenino 2005"]
[Site "Gotebörg SWE"]
[Date "2005.08.05"]
[Round "7.13"]
[White "Wilson, Alexandra"]
[Black "Gretarsdottir, Lilja"]
[Result "1-0"]
[WhiteElo "2056"]
[BlackElo "2046"]
[PlyCount "53"]
[EventDate "2005.07.30"]
[EventType "team"]
[EventRounds "9"]
[EventCountry "SWE"]
[Source "lmi"]
[SourceDate "2005.08.07"]

1. e4 c5 2. Nf3 a6 3. c3 d5 4. e5 d4 5. cxd4 cxd4 6. Bc4 e6 7. O-O Nc6 8. Re1
Nge7 9. Bd3 Nd5 10. Be4 Bc5 11. d3 h6 12. Nbd2 O-O 13. Nb3 Ba7 14. Bd2 Bb8 15.
Rc1 Nde7 16. Rc5 Qd7 17. Qc1 f5 18. Bxc6 Nxc6 19. Rc4 Ba7 20. Nc5 Qe7 21. Nxa6
Nxe5 22. Nxe5 bxa6 23. Bb4 Qf6 24. Bxf8 Qxf8 25. Ng6 Qd8 26. Rxc8 Rxc8 27. Qxc8
1-0

[Event "Europa tch femenino 2005"]
[Site "Gotebörg SWE"]
[Date "2005.08.05"]
[Round "7.13"]
[White "Thorsteinsdottir, Gudlaug"]
[Black "Seps, Monika"]
[Result "1-0"]
[WhiteElo "2132"]
[BlackElo "2173"]
[PlyCount "71"]
[EventDate "2005.07.30"]
[EventType "team"]
[EventRounds "9"]
[EventCountry "SWE"]
[Source "lmi"]
[SourceDate "2005.08.07"]

1. d4 d5 2. c4 c6 3. Nf3 Nf6 4. Nc3 a6 5. e3 b5 6. b3 Bg4 7. Qc2 e6 8. Ne5 Bf5
9. Bd3 Bxd3 10. Qxd3 bxc4 11. bxc4 Nbd7 12. Nxd7 Qxd7 13. O-O Bb4 14. Na4 Rb8
15. c5 Ba5 16. Bd2 Bc7 17. Rab1 O-O 18. Nb6 Qe7 19. f4 Ne4 20. a4 f5 21. Be1 g5
22. a5 Kh8 23. Qxa6 Rg8 24. Qe2 gxf4 25. exf4 Rg4 26. a6 Rbg8 27. a7 Qg7 28.
Rb2 Qxd4+ 29. Kh1 Bxb6 30. cxb6 R4g7 31. Bf2 Nxf2+ 32. Qxf2 Qxf2 33. Rfxf2 Rb7
34. Rfe2 Ra8 35. Rxe6 Kg7 36. h3 1-0

[Event "Europa tch femenino 2005"]
[Site "Gotebörg SWE"]
[Date "2005.08.05"]
[Round "7.13"]
[White "Fridthjofsdottir, Sigurl  Regin"]
[Black "Roelli, Corinne"]
[Result "1/2-1/2"]
[WhiteElo "1963"]
[BlackElo "2001"]
[PlyCount "113"]
[EventDate "2005.07.30"]
[EventType "team"]
[EventRounds "9"]
[EventCountry "SWE"]
[Source "lmi"]
[SourceDate "2005.08.07"]

1. e4 c5 2. c3 d5 3. exd5 Qxd5 4. d4 Nf6 5. Nf3 Bg4 6. Be2 e6 7. h3 Bh5 8. O-O
Nc6 9. Be3 cxd4 10. cxd4 Be7 11. Nc3 Qa5 12. Qb3 Qb4 13. Qxb4 Bxb4 14. Rac1 O-O
15. Rfd1 Rfd8 16. a3 Bxc3 17. bxc3 Rac8 18. g4 Bg6 19. c4 Na5 20. Ne5 Be4 21.
Rc3 Ne8 22. Rdc1 f6 23. Nd3 Nc6 24. Nc5 Nxd4 25. Bxd4 Rxd4 26. Nxe6 Rd2 27. Re3
Bg6 28. c5 Nc7 29. Nf4 Be8 30. Bf3 Bc6 31. Bxc6 bxc6 32. Rce1 Rc2 33. Re7 g6
34. Rd7 Rc4 35. Ne6 Nxe6 36. Rxe6 Rxc5 37. Ree7 Ra5 38. Rg7+ Kf8 39. Rxh7 Kg8
40. Rdg7+ Kf8 41. Rxg6 Rxa3 42. Rxf6+ Kg8 43. Rff7 a5 44. Ra7 a4 45. Kg2 c5 46.
g5 c4 47. g6 Rd3 48. Rxa4 c3 49. Rah4 Rc5 50. Rh8+ Kg7 51. R4h7+ Kxg6 52. Rh6+
Kf7 53. R8h7+ Kg8 54. Rh8+ Kg7 55. R8h7+ Kg8 56. Rh8+ Kg7 57. R8h7+ 1/2-1/2

[Event "Europa tch femenino 2005"]
[Site "Gotebörg SWE"]
[Date "2005.08.06"]
[Round "8.1"]
[White "Zhukova, Natalia"]
[Black "Radziewicz, Iweta"]
[Result "0-1"]
[WhiteElo "2478"]
[BlackElo "2447"]
[PlyCount "80"]
[EventDate "2005.07.30"]
[EventType "team"]
[EventRounds "9"]
[EventCountry "SWE"]
[Source "lmi"]
[SourceDate "2005.08.07"]

1. d4 c5 2. d5 e6 3. Nc3 exd5 4. Nxd5 d6 5. Nf3 Nc6 6. c3 Nf6 7. Bg5 Be7 8.
Bxf6 Bxf6 9. Qd2 O-O 10. e4 Be6 11. Be2 Bxd5 12. Qxd5 Qb6 13. O-O-O Rad8 14. h4
Qa5 15. g4 Ne7 16. Qb3 b5 17. g5 c4 18. Qc2 Be5 19. Kb1 Qb6 20. Rhf1 Ng6 21. h5
Nf4 22. Rd2 g6 23. Rfd1 Bh8 24. Nd4 Qc5 25. hxg6 hxg6 26. Bf1 Rb8 27. a3 a5 28.
Ne2 Nd3 29. Rxd3 cxd3 30. Qxd3 b4 31. axb4 axb4 32. c4 Qxf2 33. Bh3 b3 34. Rf1
Qa7 35. Rf6 Bxf6 36. gxf6 Qa2+ 37. Kc1 Qa1+ 38. Qb1 Qa5 39. Kd1 Qe5 40. Qc1
Qxf6 0-1

[Event "Europa tch femenino 2005"]
[Site "Gotebörg SWE"]
[Date "2005.08.06"]
[Round "8.1"]
[White "Gaponenko, Inna"]
[Black "Zawadzka, Jolanta"]
[Result "0-1"]
[WhiteElo "2439"]
[BlackElo "2402"]
[PlyCount "182"]
[EventDate "2005.07.30"]
[EventType "team"]
[EventRounds "9"]
[EventCountry "SWE"]
[Source "lmi"]
[SourceDate "2005.08.07"]

1. e4 c5 2. c3 d5 3. exd5 Qxd5 4. d4 Nf6 5. Nf3 Bg4 6. dxc5 Qxc5 7. Na3 a6 8.
h3 Be6 9. Be3 Qc7 10. Qa4+ Nc6 11. Ng5 Bd7 12. Qb3 e6 13. Nc4 Nd5 14. Bb6 Nxb6
15. Qxb6 Rc8 16. O-O-O Qf4+ 17. Qe3 Qxe3+ 18. fxe3 Rc7 19. Be2 b5 20. Nd6+ Bxd6
21. Rxd6 Ke7 22. Rhd1 Bc8 23. Kb1 f6 24. Ne4 Ne5 25. g4 Bb7 26. Ng3 g5 27. a3
Ra8 28. R6d4 h6 29. Nh5 Bd5 30. Ng3 Nc6 31. R4d2 Na5 32. e4 Bb7 33. Rd6 Nc6 34.
Ka1 Ne5 35. R6d4 Rac8 36. Rf1 Rd7 37. Nh5 Rf8 38. Rfd1 Rfd8 39. Rxd7+ Rxd7 40.
Rxd7+ Nxd7 41. Bf3 Nc5 42. Ng3 Nd3 43. Kb1 Bc6 44. Bh1 Nf4 45. Kc2 Nxh3 46. Kd2
Nf4 47. Ke3 Ng6 48. Bf3 Ne5 49. Be2 Be8 50. b3 Kd6 51. Nf1 Ng6 52. Ng3 Nf4 53.
Bd1 Ke5 54. Bf3 Bd7 55. b4 Bc6 56. Bd1 Ng2+ 57. Kf2 Nh4 58. Bc2 Ng6 59. Ke3 Ne7
60. Ne2 Bd7 61. Nd4 Nc8 62. Bb3 Nb6 63. Nf3+ Kd6 64. Kd3 f5 65. e5+ Ke7 66. Nh2
Bc6 67. Kd4 Bg2 68. Bd1 Nc4 69. Be2 Nxa3 70. Bd3 f4 71. Kc5 Bd5 72. Kb6 Nc4+
73. Kxa6 Nxe5 74. Bxb5 f3 75. Bf1 Kd6 76. b5 Nd7 77. b6 Nc5+ 78. Ka7 Bb7 79.
Kb8 e5 80. Bb5 e4 81. Nf1 Ke5 82. Kc7 Kf4 83. Kd6 Nb3 84. c4 e3 85. Nxe3 Kxe3
86. c5 f2 87. Bf1 Na5 88. Ke5 Bf3 89. Kf5 Nb7 90. Kg6 Nxc5 91. Kxh6 Kf4 0-1

[Event "Europa tch femenino 2005"]
[Site "Gotebörg SWE"]
[Date "2005.08.06"]
[Round "8.2"]
[White "Arakhamia-Grant, Ketevan"]
[Black "Galliamova, Alisa"]
[Result "1-0"]
[WhiteElo "2423"]
[BlackElo "2453"]
[PlyCount "81"]
[EventDate "2005.07.30"]
[EventType "team"]
[EventRounds "9"]
[EventCountry "SWE"]
[Source "lmi"]
[SourceDate "2005.08.07"]

1. e4 c5 2. Nf3 Nc6 3. d4 cxd4 4. Nxd4 Nf6 5. Nc3 d6 6. Bg5 Bd7 7. Be2 Qa5 8.
Bxf6 gxf6 9. Nb3 Qg5 10. g3 f5 11. f4 Qh6 12. exf5 Bxf5 13. Qd2 Bg7 14. O-O-O
Be6 15. g4 Bxc3 16. bxc3 O-O-O 17. Bf3 Kb8 18. Rhe1 Rhe8 19. Kb2 Rc8 20. Re4
Qf6 21. Qe3 Rc7 22. Ra4 Rec8 23. f5 Bd7 24. Bxc6 bxc6 25. Re4 Re8 26. g5 Qxf5
27. Rxe7 Rxe7 28. Qxe7 Bc8 29. Qxd6 Qxg5 30. Rd4 Qe7 31. Qf4 Be6 32. Na5 c5 33.
Nc6+ Kb7 34. Nxe7 cxd4 35. Qe4+ Ka6 36. Qxd4 Rb7+ 37. Kc1 Rd7 38. Qa4+ Kb6 39.
Qc6+ Ka5 40. a4 a6 41. Qc5+ 1-0

[Event "Europa tch femenino 2005"]
[Site "Gotebörg SWE"]
[Date "2005.08.06"]
[Round "8.3"]
[White "Djingarova, Emilia"]
[Black "Makropoulou, Marina"]
[Result "1-0"]
[WhiteElo "2277"]
[BlackElo "2287"]
[PlyCount "97"]
[EventDate "2005.07.30"]
[EventType "team"]
[EventRounds "9"]
[EventCountry "SWE"]
[Source "lmi"]
[SourceDate "2005.08.07"]

1. e4 e5 2. Nf3 Nc6 3. d4 exd4 4. Nxd4 Bc5 5. Be3 Qf6 6. Nb5 Bxe3 7. fxe3 Qh4+
8. g3 Qd8 9. Qg4 Kf8 10. Qf4 d6 11. Bc4 Ne5 12. Be2 Nf6 13. N1c3 Ng6 14. Qf2
Bd7 15. Nd4 a5 16. h3 a4 17. a3 Ra5 18. g4 Rc5 19. Bd3 h5 20. g5 Rxg5 21. O-O-O
h4 22. Nf5 Qe8 23. Rhg1 Rhh5 24. Rdf1 Rxg1 25. Qxg1 Qe5 26. Be2 Bxf5 27. Bxh5
Bxh3 28. Rf3 Nxh5 29. Rxh3 Ng3 30. Qg2 b5 31. Qf3 c6 32. Qg4 Qe6 33. Rxh4 Nxh4
34. Qxh4 Nf1 35. Qd8+ Qe8 36. Qxd6+ Kg8 37. Qf4 c5 38. Qxf1 b4 39. Qb5 Qe7 40.
axb4 cxb4 41. Nxa4 Qxe4 42. Qg5 Qh1+ 43. Kd2 f6 44. Qf5 Qh2+ 45. Kd3 Qg1 46.
Nc5 Qd1+ 47. Kc4 Qe2+ 48. Qd3 Qe1 49. Kb3 1-0

[Event "Europa tch femenino 2005"]
[Site "Gotebörg SWE"]
[Date "2005.08.06"]
[Round "8.3"]
[White "Botsari, Anna-Maria"]
[Black "Voiska, Margarita"]
[Result "1/2-1/2"]
[WhiteElo "2297"]
[BlackElo "2328"]
[PlyCount "144"]
[EventDate "2005.07.30"]
[EventType "team"]
[EventRounds "9"]
[EventCountry "SWE"]
[Source "lmi"]
[SourceDate "2005.08.07"]

1. d4 d5 2. c4 c6 3. Nf3 Nf6 4. e3 a6 5. Bd3 Bg4 6. Nbd2 e6 7. Qc2 Nbd7 8. b3
Be7 9. Bb2 Bh5 10. O-O Bg6 11. Bxg6 hxg6 12. h3 O-O 13. e4 dxe4 14. Nxe4 Nxe4
15. Qxe4 Bf6 16. Rfd1 Qc7 17. Rac1 Rad8 18. Ba3 Rfe8 19. Qe3 b6 20. Rd2 c5 21.
dxc5 Nxc5 22. Rcd1 Rxd2 23. Rxd2 Rd8 24. Rxd8+ Bxd8 25. Qe5 Nd7 26. Qe4 Nc5 27.
Qa8 a5 28. Bxc5 bxc5 29. Ne5 Kh7 30. Nxf7 Qxf7 31. Qxd8 Qf4 32. g3 Qc1+ 33. Kg2
Qe1 34. Qd3 Qa1 35. Qd2 Qe5 36. Qxa5 Qe4+ 37. Kh2 Qd4 38. Kg1 e5 39. Qa3 e4 40.
Qc1 Qd3 41. h4 Kh8 42. Qe3 Qb1+ 43. Kg2 Qxa2 44. Qxc5 Qxb3 45. Qd4 Qc2 46. c5
Kh7 47. Kf1 Kh8 48. Qd5 Qc1+ 49. Kg2 Qc2 50. Qe5 Qc4 51. h5 gxh5 52. Qxh5+ Kg8
53. Qe8+ Kh7 54. c6 Qe2 55. Qf7 Qc2 56. Qf5+ Kh6 57. Qf4+ Kh7 58. Qf5+ Kh6 59.
Qe6+ Kh7 60. Kg1 Qd1+ 61. Kh2 Qc2 62. Qf5+ Kh6 63. g4 g6 64. Qf4+ Kg7 65. Qe5+
Kh7 66. Qe7+ Kh6 67. Qf6 e3 68. g5+ Kh7 69. Qf7+ Kh8 70. c7 exf2 71. Kg2 f1=Q+
72. Kxf1 Qe2+ 1/2-1/2

[Event "Europa tch femenino 2005"]
[Site "Gotebörg SWE"]
[Date "2005.08.06"]
[Round "8.4"]
[White "Mkrtchian, Lilit"]
[Black "Kaps, Darja"]
[Result "1/2-1/2"]
[WhiteElo "2447"]
[BlackElo "2319"]
[PlyCount "109"]
[EventDate "2005.07.30"]
[EventType "team"]
[EventRounds "9"]
[EventCountry "SWE"]
[Source "lmi"]
[SourceDate "2005.08.07"]

1. d4 Nf6 2. c4 g6 3. Nf3 Bg7 4. g3 d6 5. Bg2 O-O 6. O-O c6 7. Nc3 Bg4 8. h3
Bf5 9. g4 Be6 10. d5 cxd5 11. cxd5 Bc8 12. Be3 h5 13. g5 Nfd7 14. Rc1 Na6 15.
Nd4 Nb6 16. b3 Nc5 17. b4 e5 18. Ndb5 Na6 19. Ne4 Nxb4 20. Nexd6 Nxa2 21. Ra1
Nc3 22. Nxc3 Qxd6 23. Nb5 Qd8 24. Qb3 a6 25. Na7 Nd7 26. Rac1 Rxa7 27. Bxa7
Qxg5 28. Rc7 Nf6 29. Rfc1 Bf5 30. Qe3 Qxe3 31. Bxe3 e4 32. Rd1 Rd8 33. d6 Ne8
34. Rxb7 Rxd6 35. Rxd6 Nxd6 36. Rb6 Nc4 37. Rxa6 Nxe3 38. fxe3 Bh6 39. Kf2 Bg5
40. Ra8+ Kg7 41. Re8 Bh4+ 42. Kg1 Bg5 43. Kh2 Bxe3 44. Bxe4 Bf4+ 45. Kg2 Be6
46. Bc6 Kf6 47. e4 g5 48. Bd5 g4 49. Bxe6 fxe6 50. Rh8 gxh3+ 51. Kxh3 Ke5 52.
Rxh5+ Kxe4 53. Kg4 Bd2 54. Rh2 Be3 55. Rh5 1/2-1/2

[Event "Europa tch femenino 2005"]
[Site "Gotebörg SWE"]
[Date "2005.08.06"]
[Round "8.4"]
[White "Krivec, Jana"]
[Black "Aginian, Nelly"]
[Result "0-1"]
[WhiteElo "2270"]
[BlackElo "2324"]
[PlyCount "44"]
[EventDate "2005.07.30"]
[EventType "team"]
[EventRounds "9"]
[EventCountry "SWE"]
[Source "lmi"]
[SourceDate "2005.08.07"]

1. e4 e6 2. d4 d5 3. e5 c5 4. c3 Nc6 5. Nf3 Bd7 6. dxc5 Bxc5 7. Bd3 f6 8. b4
Bb6 9. b5 Na5 10. O-O fxe5 11. Nxe5 Nf6 12. Ba3 Qc7 13. Qe2 Bc5 14. Bb4 b6 15.
Re1 Qd6 16. Bxa5 bxa5 17. g4 O-O 18. Kh1 Ne4 19. Bxe4 dxe4 20. Nxd7 Rxf2 21.
Qxf2 Bxf2 22. Rf1 e3 0-1

[Event "Europa tch femenino 2005"]
[Site "Gotebörg SWE"]
[Date "2005.08.06"]
[Round "8.4"]
[White "Galojan, Lilit"]
[Black "Rozic, Vesna"]
[Result "1-0"]
[WhiteElo "2223"]
[BlackElo "2192"]
[PlyCount "73"]
[EventDate "2005.07.30"]
[EventType "team"]
[EventRounds "9"]
[EventCountry "SWE"]
[Source "lmi"]
[SourceDate "2005.08.07"]

1. d4 d5 2. c4 e6 3. Nf3 Nf6 4. Bg5 c6 5. e3 Nbd7 6. Nc3 Qa5 7. Nd2 Bb4 8. Qc2
Ne4 9. Ndxe4 dxe4 10. Bh4 e5 11. Be2 O-O 12. O-O f5 13. c5 exd4 14. exd4 Bxc3
15. bxc3 Nf6 16. f3 exf3 17. Bc4+ Kh8 18. Rxf3 Bd7 19. Re1 Ne4 20. Be7 Rfe8 21.
Rxe4 fxe4 22. Qxe4 Rxe7 23. Qxe7 Qd8 24. Rf7 Qxe7 25. Rxe7 Rd8 26. Kf2 b6 27.
cxb6 axb6 28. Ke3 h6 29. Kf4 Kh7 30. Ke5 c5 31. d5 b5 32. Bd3+ Kg8 33. d6 Bc6
34. Bf5 b4 35. Be6+ Kh8 36. cxb4 cxb4 37. Rc7 1-0

[Event "Europa tch femenino 2005"]
[Site "Gotebörg SWE"]
[Date "2005.08.06"]
[Round "8.5"]
[White "Vasiliev, Olga"]
[Black "Calotescu, Ana-Cristina"]
[Result "0-1"]
[WhiteElo "2202"]
[BlackElo "2273"]
[PlyCount "124"]
[EventDate "2005.07.30"]
[EventType "team"]
[EventRounds "9"]
[EventCountry "SWE"]
[Source "lmi"]
[SourceDate "2005.08.07"]

1. e4 c5 2. Nf3 d6 3. d4 Nf6 4. Nc3 cxd4 5. Nxd4 a6 6. f4 e5 7. Nf3 Nbd7 8. a4
Be7 9. Bd3 O-O 10. O-O exf4 11. Kh1 Nc5 12. Bxf4 Bg4 13. b4 Ne6 14. Be3 Bh5 15.
Nd5 Bg6 16. Bb6 Qd7 17. Re1 Rfe8 18. c4 Nxd5 19. exd5 Nf4 20. Bxg6 hxg6 21. Qd2
g5 22. Be3 Bf6 23. Ra3 Re4 24. Bxf4 Rxf4 25. c5 a5 26. c6 bxc6 27. dxc6 Qxc6
28. b5 Qc5 29. Rae3 Rxa4 30. b6 Rb4 31. Qd3 Rf8 32. Nd2 Qd4 33. Qe2 Qxb6 34.
Ne4 Rb1 35. Nxf6+ gxf6 36. Qd3 Rb8 37. Qc3 Kg7 38. h3 Qb4 39. Rxb1 Qxc3 40.
Rxc3 Rxb1+ 41. Kh2 Rb6 42. Ra3 Rb5 43. Kg3 f5 44. Rd3 d5 45. Rc3 a4 46. Rc6 Ra5
47. Rc2 a3 48. Ra2 Ra4 49. Kf3 Kf6 50. g3 Ke5 51. Ke3 f4+ 52. gxf4+ gxf4+ 53.
Kf3 f5 54. h4 Kf6 55. h5 Kg5 56. h6 Kxh6 57. Rh2+ Kg5 58. Rd2 d4 59. Rg2+ Kf6
60. Ra2 Ke5 61. Re2+ Kd5 62. Ra2 d3 0-1

[Event "Europa tch femenino 2005"]
[Site "Gotebörg SWE"]
[Date "2005.08.06"]
[Round "8.5"]
[White "Borsuk, Angela"]
[Black "Olarasu, Gabriela"]
[Result "1/2-1/2"]
[WhiteElo "2342"]
[BlackElo "2306"]
[PlyCount "21"]
[EventDate "2005.07.30"]
[EventType "team"]
[EventRounds "9"]
[EventCountry "SWE"]
[Source "lmi"]
[SourceDate "2005.08.07"]

1. d4 d5 2. c4 c6 3. cxd5 cxd5 4. Nf3 Nc6 5. Nc3 Nf6 6. Bf4 Bf5 7. e3 e6 8. Bd3
Bxd3 9. Qxd3 Be7 10. h3 O-O 11. O-O 1/2-1/2

[Event "Europa tch femenino 2005"]
[Site "Gotebörg SWE"]
[Date "2005.08.06"]
[Round "8.5"]
[White "Bogza, Adina-Maria"]
[Black "Igla, Bella"]
[Result "1/2-1/2"]
[WhiteElo "2325"]
[BlackElo "2299"]
[PlyCount "94"]
[EventDate "2005.07.30"]
[EventType "team"]
[EventRounds "9"]
[EventCountry "SWE"]
[Source "lmi"]
[SourceDate "2005.08.07"]

1. d4 Nf6 2. Nf3 g6 3. b3 Bg7 4. Bb2 O-O 5. g3 d5 6. Bg2 c6 7. O-O Bf5 8. c4
Nbd7 9. e3 Re8 10. Nbd2 Ne4 11. Nh4 Nxd2 12. Qxd2 Be6 13. cxd5 cxd5 14. Rfc1
Nf6 15. Qb4 Qb6 16. Qxb6 axb6 17. a4 Rec8 18. Nf3 Rxc1+ 19. Rxc1 Rc8 20. Rxc8+
Bxc8 21. Nd2 Bd7 22. f3 Bc6 23. Kf2 Kf8 24. Bf1 Ke8 25. Bd3 Kd7 26. g4 Ne8 27.
Nb1 Nd6 28. Na3 Kc7 29. Ke2 Kd7 30. Nc2 Kc7 31. Nb4 Bf6 32. Bc2 Bg7 33. Bc3 Kd7
34. h4 Kc7 35. h5 e6 36. Nd3 Be8 37. Ne5 f6 38. Nd3 g5 39. Nf2 f5 40. Bd3 h6
41. Bc2 Bd7 42. b4 b5 43. a5 Kd8 44. Bd3 Ke7 45. Kd2 Nc4+ 46. Bxc4 dxc4 47. e4
fxg4 1/2-1/2

[Event "Europa tch femenino 2005"]
[Site "Gotebörg SWE"]
[Date "2005.08.06"]
[Round "8.6"]
[White "Schuurman, Petra"]
[Black "Prudnikova, Svetlana"]
[Result "1/2-1/2"]
[WhiteElo "2266"]
[BlackElo "2370"]
[PlyCount "62"]
[EventDate "2005.07.30"]
[EventType "team"]
[EventRounds "9"]
[EventCountry "SWE"]
[Source "lmi"]
[SourceDate "2005.08.07"]

1. d4 Nf6 2. c4 e6 3. Nc3 Bb4 4. Qc2 O-O 5. e4 d5 6. e5 Ne4 7. a3 Bxc3+ 8. bxc3
c5 9. Bd3 cxd4 10. cxd4 Nc6 11. Ne2 f5 12. O-O dxc4 13. Bxe4 fxe4 14. Qxc4 Qd5
15. Qa4 Bd7 16. Qd1 Be8 17. Be3 Bh5 18. Qd2 Bxe2 19. Qxe2 Nxd4 20. Bxd4 Qxd4
21. Rab1 Rf7 22. Rb4 Qxe5 23. Rxe4 Qd6 24. Qe3 Re7 25. Re1 b6 26. h4 Rc8 27.
Qb3 Rd8 28. g3 Qd5 29. Qb4 Qd6 30. Qb3 Qd5 31. Qb4 Qd6 1/2-1/2

[Event "Europa tch femenino 2005"]
[Site "Gotebörg SWE"]
[Date "2005.08.06"]
[Round "8.6"]
[White "Peng, Zhaoqin"]
[Black "Maric, Alisa"]
[Result "0-1"]
[WhiteElo "2405"]
[BlackElo "2415"]
[PlyCount "94"]
[EventDate "2005.07.30"]
[EventType "team"]
[EventRounds "9"]
[EventCountry "SWE"]
[Source "lmi"]
[SourceDate "2005.08.07"]

1. d4 Nf6 2. c4 e6 3. Nc3 Bb4 4. Qc2 O-O 5. a3 Bxc3+ 6. Qxc3 b6 7. Bg5 Bb7 8.
f3 h6 9. Bh4 d5 10. e3 Nbd7 11. cxd5 Nxd5 12. Bxd8 Nxc3 13. Bh4 Nd5 14. Bf2 f5
15. Bd3 Rae8 16. Ne2 e5 17. O-O e4 18. fxe4 fxe4 19. Bc4 Kh7 20. Rfc1 N7f6 21.
h3 Re7 22. Ng3 Ne8 23. Ne2 Nd6 24. Bxd5 Bxd5 25. Bg3 Nc4 26. Bxc7 Rxc7 27. b3
Rfc8 28. bxc4 Bxc4 29. Ng3 Bd3 30. Rxc7 Rxc7 31. Ra2 b5 32. Kf2 a5 33. Ne2 b4
34. axb4 axb4 35. Ke1 b3 36. Rb2 Rc2 37. Rxc2 Bxc2 38. Nc3 b2 39. Kf2 b1=Q 40.
Nxb1 Bxb1 41. Kg3 g5 42. h4 Ba2 43. hxg5 hxg5 44. Kf2 Kg6 45. Kg3 Kh5 46. Kh3
Be6+ 47. Kg3 Bd7 0-1

[Event "Europa tch femenino 2005"]
[Site "Gotebörg SWE"]
[Date "2005.08.06"]
[Round "8.6"]
[White "Chelushkina, Irina"]
[Black "Muhren, Bianca"]
[Result "1/2-1/2"]
[WhiteElo "2330"]
[BlackElo "2269"]
[PlyCount "134"]
[EventDate "2005.07.30"]
[EventType "team"]
[EventRounds "9"]
[EventCountry "SWE"]
[Source "lmi"]
[SourceDate "2005.08.07"]

1. g3 e5 2. c4 Nf6 3. Bg2 d5 4. cxd5 Nxd5 5. Nf3 Nc6 6. O-O Nb6 7. Nc3 Be7 8.
a4 a5 9. d4 exd4 10. Nb5 O-O 11. Nfxd4 Nb4 12. Bf4 N6d5 13. Bd2 c6 14. Nc3 Bf6
15. Nb3 Re8 16. Nxd5 Nxd5 17. e4 Nb4 18. Bc3 Be6 19. Nc5 Bc4 20. Qxd8 Bxd8 21.
Rfd1 b6 22. Nb7 Bb3 23. Rd2 Bc7 24. Rd7 Be5 25. f4 Nc2 26. Rc1 Bxc3 27. bxc3
Bxa4 28. Rb1 Ne3 29. Rxb6 Nc4 30. Rb1 Bc2 31. Ra1 Bxe4 32. Bf1 Nb6 33. Rd4 Bd5
34. c4 Re4 35. Rxe4 Bxe4 36. Nd6 Bf3 37. Kf2 Bg4 38. f5 g6 39. Bg2 Bxf5 40.
Bxc6 Ra7 41. c5 Nc8 42. Bb5 Rc7 43. Nxc8 Bxc8 44. c6 Kf8 45. Rxa5 Ke7 46. Ba4
Kd6 47. h4 h5 48. Ra8 Kc5 49. Rb8 Be6 50. Rb5+ Kd6 51. Rb2 Ra7 52. Rb4 Kc5 53.
Rf4 Bd5 54. g4 hxg4 55. Rxg4 Bxc6 56. Rg5+ Kd6 57. Bxc6 Kxc6 58. h5 gxh5 59.
Rxh5 Kd6 60. Kf3 Ra3+ 61. Kf4 Ra4+ 62. Kf3 Ke6 63. Rb5 f5 64. Rb8 Kf6 65. Rf8+
Kg6 66. Rg8+ Kf7 67. Rb8 Kf6 1/2-1/2

[Event "Europa tch femenino 2005"]
[Site "Gotebörg SWE"]
[Date "2005.08.06"]
[Round "8.7"]
[White "Hernandez, Yudania"]
[Black "Limontaite, Simona"]
[Result "1-0"]
[WhiteElo "2234"]
[BlackElo "2095"]
[PlyCount "147"]
[EventDate "2005.07.30"]
[EventType "team"]
[EventRounds "9"]
[EventCountry "SWE"]
[Source "lmi"]
[SourceDate "2005.08.07"]

1. e4 c5 2. Nf3 e6 3. d4 cxd4 4. Nxd4 a6 5. c4 Nf6 6. Nc3 d6 7. Be2 b6 8. f4
Qc7 9. Be3 Bb7 10. Bf3 Nbd7 11. Rc1 Rc8 12. O-O Qb8 13. Qe2 Be7 14. Bf2 O-O 15.
Rfe1 Bd8 16. Kh1 Bc7 17. Bh4 Kh8 18. b4 Bd8 19. Bg3 Re8 20. e5 dxe5 21. fxe5
Ng8 22. Bxb7 Qxb7 23. Ne4 Be7 24. b5 Nc5 25. Nc6 Nxe4 26. Qxe4 Bg5 27. Bf4 Bxf4
28. Qxf4 Rf8 29. Qh4 Nh6 30. Red1 Nf5 31. Qf2 f6 32. Qe2 Qf7 33. a4 Nh6 34.
exf6 Qxf6 35. Rf1 Qh4 36. Qxe6 axb5 37. axb5 Rce8 38. Rxf8+ Rxf8 39. Ne5 Qf4
40. Ra1 g6 41. Nf3 Ng4 42. Re1 Rf6 43. Qe2 Rf7 44. h3 Nf6 45. Ne5 Rf8 46. Rf1
Qd4 47. Nc6 Qd6 48. Qe3 Nd7 49. Re1 Qf6 50. Ne7 Qf2 51. Qc3+ Qf6 52. Qe3 Qf2
53. Nd5 Qxe3 54. Rxe3 Rf1+ 55. Kh2 Nc5 56. Nxb6 Rc1 57. Re7 Kg8 58. Rc7 Ne6 59.
Rc8+ Kf7 60. Nd5 Nd4 61. b6 Rb1 62. Rc7+ Ke6 63. Rxh7 Nc6 64. Nc7+ Kd6 65. Nd5
Ne5 66. Rg7 Nxc4 67. Nc3 Rb3 68. Rxg6+ Ke5 69. Ne2 Nxb6 70. h4 Nd7 71. Ng3 Rb8
72. Rg5+ Ke6 73. Ne4 Ne5 74. Nc5+ 1-0

[Event "Europa tch femenino 2005"]
[Site "Gotebörg SWE"]
[Date "2005.08.06"]
[Round "8.7"]
[White "Daulyte, Deimante"]
[Black "Llaneza Vega, Patricia"]
[Result "1-0"]
[WhiteElo "2195"]
[BlackElo "2180"]
[PlyCount "103"]
[EventDate "2005.07.30"]
[EventType "team"]
[EventRounds "9"]
[EventCountry "SWE"]
[Source "lmi"]
[SourceDate "2005.08.07"]

1. e4 c5 2. Nf3 Nc6 3. d4 cxd4 4. Nxd4 Nf6 5. Nc3 e5 6. Ndb5 d6 7. Bg5 a6 8.
Na3 b5 9. Nd5 Be7 10. Bxf6 Bxf6 11. c3 Ne7 12. Nxf6+ gxf6 13. Qd2 Bb7 14. O-O-O
Bxe4 15. Qxd6 Qxd6 16. Rxd6 f5 17. c4 b4 18. Nc2 Nc6 19. f3 Ke7 20. c5 Bxc2 21.
Rxc6 Ba4 22. Rxa6 Rxa6 23. Bxa6 Ra8 24. Bd3 Bd7 25. Kb1 Be6 26. b3 Rd8 27. Rd1
Rd5 28. c6 Kd6 29. Kb2 Kxc6 30. a3 bxa3+ 31. Kxa3 Kd6 32. Kb4 e4 33. Be2 Rxd1
34. Bxd1 e3 35. Kc3 f4 36. b4 Bd7 37. Be2 Kc6 38. g3 fxg3 39. hxg3 Kd5 40. Bc4+
Ke5 41. Kd3 e2 42. Kxe2 Kd4 43. Bxf7 Kc3 44. Ke3 Bc6 45. f4 Kxb4 46. Kd4 Bd7
47. Ke5 Kc3 48. Be6 Be8 49. f5 Kd3 50. Kf4 h5 51. f6 h4 52. gxh4 1-0

[Event "Europa tch femenino 2005"]
[Site "Gotebörg SWE"]
[Date "2005.08.06"]
[Round "8.8"]
[White "Andersson, Christin"]
[Black "Trabert, Bettina"]
[Result "1/2-1/2"]
[WhiteElo "2168"]
[BlackElo "2291"]
[PlyCount "86"]
[EventDate "2005.07.30"]
[EventType "team"]
[EventRounds "9"]
[EventCountry "SWE"]
[Source "lmi"]
[SourceDate "2005.08.07"]

1. e4 e5 2. d4 exd4 3. Qxd4 Nc6 4. Qa4 Nf6 5. Nf3 d6 6. Bg5 Be7 7. Nc3 h6 8.
Bh4 Bd7 9. O-O-O O-O 10. Bb5 a6 11. Bxc6 Bxc6 12. Qc4 Bb5 13. Nxb5 axb5 14.
Qxb5 Rxa2 15. Qxb7 Ra1+ 16. Kd2 Ra4 17. Bxf6 Bxf6 18. b3 Ra5 19. Rhe1 Rc5 20.
c4 Re8 21. Re2 g5 22. Ke1 Bc3+ 23. Kf1 Qf6 24. Ne1 Re7 25. Nd3 Ra5 26. Nb4 Bxb4
27. Qxb4 Rae5 28. Rde1 Qf4 29. g3 Qf3 30. Kg1 Rxe4 31. Rxe4 Rxe4 32. Qb8+ Kg7
33. Rxe4 Qxe4 34. Qxc7 Qb1+ 35. Kg2 Qxb3 36. Qxd6 Qxc4 37. Qe5+ Kg6 38. h3 Qc6+
39. Kg1 Qc1+ 40. Kg2 Qc6+ 41. Kh2 Qf3 42. Qe1 h5 43. Qd2 f6 1/2-1/2

[Event "Europa tch femenino 2005"]
[Site "Gotebörg SWE"]
[Date "2005.08.06"]
[Round "8.9"]
[White "Vajda, Szidonia"]
[Black "Wilson, Alexandra"]
[Result "1-0"]
[WhiteElo "2392"]
[BlackElo "2056"]
[PlyCount "39"]
[EventDate "2005.07.30"]
[EventType "team"]
[EventRounds "9"]
[EventCountry "SWE"]
[Source "lmi"]
[SourceDate "2005.08.07"]

1. e4 e6 2. d4 d5 3. exd5 exd5 4. Nf3 Nf6 5. c4 Bb4+ 6. Nc3 O-O 7. Be2 dxc4 8.
O-O Be6 9. Ng5 Bf5 10. Bxc4 Bg6 11. Qb3 Bd6 12. Qxb7 Nbd7 13. Qf3 Bh5 14. Qh3
h6 15. Nge4 Be7 16. b3 Bg4 17. Qg3 h5 18. h3 Bf5 19. Bh6 Bg6 20. Qxg6 1-0